Signal processing and linear systems (Record no. 1319)

000 -LEADER
fixed length control field 00543nam a2200205 a 4500
001 - CONTROL NUMBER
control field 1319
003 - CONTROL NUMBER IDENTIFIER
control field BD-DhUET
008 - FIXED-LENGTH DATA ELEMENTS--GENERAL INFORMATION
fixed length control field 980109s1998 caua b 001 0 eng
020 ## - INTERNATIONAL STANDARD BOOK NUMBER
International Standard Book Number 0941413357
040 ## - CATALOGING SOURCE
Original cataloging agency DLC
Transcribing agency DLC
Modifying agency BD-DhUET
082 00 - DEWEY DECIMAL CLASSIFICATION NUMBER
Classification number 623.22
Item number LAT/1998
100 ## - MAIN ENTRY--PERSONAL NAME
Personal name Lathi B. P.
245 10 - TITLE STATEMENT
Title Signal processing and linear systems
250 ## - EDITION STATEMENT
Edition statement 1st ed
260 ## - PUBLICATION, DISTRIBUTION, ETC. (IMPRINT)
Place of publication, distribution, etc. New York
Name of publisher, distributor, etc. Oxford University Press
Date of publication, distribution, etc. 1998
300 ## - PHYSICAL DESCRIPTION
Extent x, 850 p.
Other physical details ill.
Dimensions 24 cm.
504 ## - BIBLIOGRAPHY, ETC. NOTE
Bibliography, etc Includes bibliographies
650 #0 - SUBJECT ADDED ENTRY--TOPICAL TERM
Topical term or geographic name as entry element Digital signal processing
942 ## - ADDED ENTRY ELEMENTS (KOHA)
Koha item type General Book
Holdings
Withdrawn status Shelving location Koha item type Lost status Sublocation or collection (holding branch) Not for loan Koha date last seen Koha issues (times borrowed) Koha renewals Koha normalized classification for sorting Koha full call number Price effective from Copy number Location (home branch) Date acquired Damaged status Source of classification or shelving scheme Koha date last borrowed Piece designation (barcode)
 Circulation sectionGeneral Book Central Library, BUET 2019-09-14 2623_000000000000000_22LAT1998623.22/LAT/19982014-09-031Central Library, BUET2014-09-03   103856
 Circulation sectionGeneral Book Central Library, BUET 2014-09-03  623_000000000000000_22LAT1998623.22/LAT/19982014-09-032Central Library, BUET2014-09-03   103857
 Circulation sectionGeneral Book Central Library, BUET 2017-08-191 623_220000000000000_LAT_1998623.22/LAT/19982014-09-033Central Library, BUET2014-09-03  2015-06-13103859
 Circulation sectionGeneral Book Central Library, BUET 2017-01-081 623_000000000000000_22LAT1998623.22/LAT/19982014-09-034Central Library, BUET2014-09-03  2015-10-20103860
 Circulation sectionGeneral Book Central Library, BUET 2017-04-111 623_000000000000000_22LAT1998623.22/LAT/19982014-09-035Central Library, BUET2014-09-03  2015-05-25103863
 Circulation sectionGeneral Book Central Library, BUET 2017-06-131 623_000000000000000_22LAT1998623.22/LAT/19982014-09-036Central Library, BUET2014-09-03  2015-05-25103864
 Circulation sectionGeneral Book Central Library, BUET 2017-08-20  623_000000000000000_22LAT1998623.22/LAT/19982014-09-037Central Library, BUET2014-09-03   103865
 Circulation sectionGeneral Book Central Library, BUET 2017-10-10  623_000000000000000_22LAT1998623.22/LAT/19982014-11-188Central Library, BUET2014-11-18   103858
 Circulation sectionGeneral Book Central Library, BUET 2017-05-311 623_220000000000000_LAT1998623.22 LAT/19982014-12-029Central Library, BUET2014-12-02  2017-04-18103861
 Circulation sectionGeneral Book Central Library, BUET 2017-02-06 2623_220000000000000_LAT_1998623.22/LAT/19982015-06-0310Central Library, BUET2015-06-03   100035
 Circulation sectionGeneral Book Central Library, BUET 2025-09-172 623_220000000000000_LAT_1998623.22/LAT/19982017-10-3111Central Library, BUET2007-05-28  2025-09-07103862